000 00436nam a2200193Ia 4500
005 20250423094231.0
008 250422s9999 xx 000 0 und d
020 _a0-07-069576-8
050 _aPE1128.W426
100 _aPatricia K. Werner
245 2 _aA content-base Grammar
250 _aThird Edition
260 _aBoston
260 _bMcGraw-Hill
260 _c1985
300 _a478 p
650 _aGrammar
942 _cBK
999 _c26663
_d26663